| 000 | 00356nam a2200133 i 4500 | ||
|---|---|---|---|
| 001 | bg | ||
| 245 | 0 |
_aBeton-Kalender 1969 : _bTaschenbuch für Beton und Stahlbetonbau und die verwandten Fäscher. Tl.2. |
|
| 260 |
_aBerlin, _c1969. |
||
| 040 | _cBPK | ||
| 041 | _apol | ||
| 080 | _a666.97:691.32 | ||
| 942 | _cKS | ||
| 008 | s pl f |000 0 pol | ||
| 999 |
_c8408 _d8408 |
||
| 856 |
_uhttp://koha.tu.koszalin.pl/cgi-bin/koha/opac-detail.pl?biblionumber=8408 _yKatalog online BPK |
||